<?xml version="1.0" encoding="UTF-8"?><?xml-stylesheet type="text/xsl" href="static/style.xsl"?><OAI-PMH xmlns="http://www.openarchives.org/OAI/2.0/" xmlns:xsi="http://www.w3.org/2001/XMLSchema-instance" xsi:schemaLocation="http://www.openarchives.org/OAI/2.0/ http://www.openarchives.org/OAI/2.0/OAI-PMH.xsd"><responseDate>2026-04-27T13:14:46Z</responseDate><request verb="GetRecord" identifier="oai:riubu.ubu.es:10259/6005" metadataPrefix="marc">https://riubu.ubu.es/oai/request</request><GetRecord><record><header><identifier>oai:riubu.ubu.es:10259/6005</identifier><datestamp>2021-11-02T12:23:54Z</datestamp><setSpec>com_10259.4_103</setSpec><setSpec>com_10259.4_1</setSpec><setSpec>com_10259_2604</setSpec><setSpec>col_10259_5853</setSpec></header><metadata><record xmlns="http://www.loc.gov/MARC21/slim" xmlns:doc="http://www.lyncode.com/xoai" xmlns:xsi="http://www.w3.org/2001/XMLSchema-instance" xmlns:dcterms="http://purl.org/dc/terms/" xsi:schemaLocation="http://www.loc.gov/MARC21/slim http://www.loc.gov/standards/marcxml/schema/MARC21slim.xsd">
<leader>00925njm 22002777a 4500</leader>
<datafield tag="042" ind1=" " ind2=" ">
<subfield code="a">dc</subfield>
</datafield>
<datafield tag="720" ind1=" " ind2=" ">
<subfield code="a">Villalobos García, Rodrigo</subfield>
<subfield code="e">author</subfield>
</datafield>
<datafield tag="720" ind1=" " ind2=" ">
<subfield code="a">Moreno Gallo, Miguel Ángel</subfield>
<subfield code="e">author</subfield>
</datafield>
<datafield tag="720" ind1=" " ind2=" ">
<subfield code="a">Basconcillos Arce, Javier</subfield>
<subfield code="e">author</subfield>
</datafield>
<datafield tag="720" ind1=" " ind2=" ">
<subfield code="a">Delibes de Castro, Germán .</subfield>
<subfield code="e">author</subfield>
</datafield>
<datafield tag="260" ind1=" " ind2=" ">
<subfield code="c">2012</subfield>
</datafield>
<datafield tag="520" ind1=" " ind2=" ">
<subfield code="a">En la cabecera de un angosto vallejo que desciende hacia&#xd;
Sedano desde los páramos de Nocedo fueron descubiertos hace pocos&#xd;
años los restos de un gran menhir de 5,5 metros, desplomados al pie&#xd;
de un posible túmulo. Estas evidencias, por simple tipología arquitectónica,&#xd;
responden a los clásicos monumentos prehistóricos que en esta&#xd;
comarca fueron erigidos y utilizados desde el Neolítico Final hasta la&#xd;
Edad del Bronce. Si bien la práctica funeraria colectiva y monumental&#xd;
de la Prehistoria en estos páramos ha sido exhaustivamente estudiada&#xd;
y ha proporcionado no pocos frutos, su relación con los monumentos&#xd;
de tipo menhir es todavía un prometedor campo por explorar.&#xd;
Estas líneas ofrecen los resultados de una pequeña intervención arqueológica realizada recientemente en este lugar que ha confirmado&#xd;
su cronología prehistórica, así como la interpretación que damos a&#xd;
este monumento y a su integración tanto en el paisaje megalítico&#xd;
de La Lora como en el proceso histórico de hitación del territorio&#xd;
que tuvo lugar a lo largo de la Prehistoria Reciente.</subfield>
</datafield>
<datafield tag="520" ind1=" " ind2=" ">
<subfield code="a">A huge standing stone lying in the ground close to a&#xd;
small mound were both recently discovered in Las Puertas, a place&#xd;
located in a valley below the limestone plateau of Nocedo (Burgos).&#xd;
Typologically, these constructions could be seen as the classical prehistoric&#xd;
monuments that were built and used in this area between&#xd;
the Late Neolithic and the Bronze Age. The prehistoric funerary uses&#xd;
of La Lora have been studied for a long time, but its relation with&#xd;
this kind of monuments such as the standing stones is still an open&#xd;
question. In this paper we offer the results of the recent archaeological&#xd;
excavation that allowed us to confirm the prehistoric chronology&#xd;
of this site. We also try to integrate this example in the whole&#xd;
megalithic landscape of La Lora and also in the process of monumentalization&#xd;
of the territory that took place along the Recent&#xd;
Prehistory.</subfield>
</datafield>
<datafield tag="024" ind2=" " ind1="8">
<subfield code="a">0211-8998</subfield>
</datafield>
<datafield tag="024" ind2=" " ind1="8">
<subfield code="a">http://hdl.handle.net/10259/6005</subfield>
</datafield>
<datafield ind1=" " ind2=" " tag="653">
<subfield code="a">Túmulo</subfield>
</datafield>
<datafield ind1=" " ind2=" " tag="653">
<subfield code="a">Menhir</subfield>
</datafield>
<datafield ind1=" " ind2=" " tag="653">
<subfield code="a">Monumento prehistórico</subfield>
</datafield>
<datafield ind1=" " ind2=" " tag="653">
<subfield code="a">Neolítico</subfield>
</datafield>
<datafield ind1=" " ind2=" " tag="653">
<subfield code="a">Edad del Bronce</subfield>
</datafield>
<datafield ind1=" " ind2=" " tag="653">
<subfield code="a">Mound</subfield>
</datafield>
<datafield ind1=" " ind2=" " tag="653">
<subfield code="a">Standing stone</subfield>
</datafield>
<datafield ind1=" " ind2=" " tag="653">
<subfield code="a">Prehistoric monument</subfield>
</datafield>
<datafield ind1=" " ind2=" " tag="653">
<subfield code="a">Neolithic</subfield>
</datafield>
<datafield ind1=" " ind2=" " tag="653">
<subfield code="a">Bronze Age</subfield>
</datafield>
<datafield tag="245" ind1="0" ind2="0">
<subfield code="a">El binomio túmulo-menhir en las puertas de Nocedo (Valle de Sedano, Burgos): resultados de un sondeo arqueológico en un singular monumento prehistórico</subfield>
</datafield>
</record></metadata></record></GetRecord></OAI-PMH>